Pulse and Digital Circuits (Record no. 8827)
[ view plain ]
| 000 -LEADER | |
|---|---|
| fixed length control field | 00468 a2200157 4500 |
| 020 ## - INTERNATIONAL STANDARD BOOK NUMBER | |
| International Standard Book Number | 8120325966 |
| 040 ## - CATALOGING SOURCE | |
| Original cataloging agency | DLC |
| Language of cataloging | DLC |
| 082 ## - DEWEY DECIMAL CLASSIFICATION NUMBER | |
| Classification number | 621.3815 |
| 100 ## - MAIN ENTRY--PERSONAL NAME | |
| Personal name | Kumar, A. Anand. |
| 245 ## - TITLE STATEMENT | |
| Title | Pulse and Digital Circuits |
| Statement of responsibility, etc. | A. Anand, Kumar. |
| 260 ## - PUBLICATION, DISTRIBUTION, ETC. | |
| Place of publication, distribution, etc. | New Delhi : |
| Name of publisher, distributor, etc. | Prentice-Hall of India Pvt.Ltd. , |
| Date of publication, distribution, etc. | 2004. |
| 300 ## - PHYSICAL DESCRIPTION | |
| Extent | ix, 467p. : |
| Other physical details | ill. ; |
| Dimensions | 26 cm. |
| 500 ## - GENERAL NOTE | |
| General note | Includes Index |
| 650 ## - SUBJECT ADDED ENTRY--TOPICAL TERM | |
| Topical term or geographic name entry element | 1.Pulse circuits.2.Digital electronics. |
| 942 ## - ADDED ENTRY ELEMENTS (KOHA) | |
| Koha item type | Book |
| Call number prefix | 621.3815 KUM |
| Source of classification or shelving scheme | |
| Withdrawn status | Lost status | Damaged status | Not for loan | Collection code | Permanent Location | Current Location | Shelving location | Date acquired | Source of acquisition | Cost, normal purchase price | Total Checkouts | Full call number | Barcode | Date last seen | Price effective from | Koha item type |
|---|---|---|---|---|---|---|---|---|---|---|---|---|---|---|---|---|
| Central Library (CL) | Central Library (CL) | General Stacks | 11/11/2005 | Saeed Book Bank | 422.14 | 621.3815 KUM | SEECS006662 | 11/14/2012 | 01/05/2017 | Book |
